Loading...

Vamozhikal varamozhikal/

Bibliographic Details
Main Author: O N V Kurup
Format: Printed Book
Published: Thrissur: Kerala Sahitya Academi, 2011.
Subjects:
LEADER 00860nam a22001931a 4500
020 |a 9788176901420 
082 |a M4  |b ONV/V 
100 |a O N V Kurup  |9 54792 
245 |a Vamozhikal varamozhikal/  |c by O N V Kurup. 
260 |a Thrissur:  |b Kerala Sahitya Academi,  |c 2011. 
300 |a 540p. 
650 |a Essays Malayalam  |9 54793 
650 |a Literature Malayalam  |9 54794 
650 |a Literature  |9 54795 
942 |c BK 
999 |c 49041  |d 49041 
952 |0 0  |1 0  |4 0  |6 M_4_000000000000000_ONV_V  |7 0  |9 71165  |a SSUS  |b SSUS  |d 2015-01-08  |g 350.00  |o M4 ONV/V  |p 068265  |r 2015-02-05  |v 0.00  |w 2015-01-08  |y BK 
952 |0 0  |1 0  |4 0  |6 M_4_000000000000000_ONV_V  |7 0  |9 71166  |a SSUS  |b SSUS  |c STACKS  |d 2017-04-24  |g 350.00  |o M4 ONV/V  |p 084332  |r 2017-04-24  |w 2017-04-24  |y BK 
952 |0 0  |1 0  |4 0  |6 M_4_000000000000000_ONV_V  |7 0  |9 71167  |a SSUS  |b SSUS  |c STACKS  |d 2018-06-30  |g 350.00  |o M4 ONV/V  |p 090930  |r 2018-06-30  |w 2018-06-30  |y BK